LEADER 01265nam a2200277 u 4500 001 000000013762 003 CaOOAMICUS 005 20070226105703.0 008 940606s1972 gw u000 u ger u 035 $a10327356 040 $aPUL(R)$bita 100 1 $aBosl, Karl,$d1908-$0(OLS)http://pul/name/6807 245 14$aDie Grundlagen der modernen Gesellschaft im Mittelalter :$beine deutsche Gesellschaftsgeschichte des Mittelalters /$cvon Karl Bosl. 260 $aStuttgart :$bHiersemann,$c1972. 300 $ax, 418 S. in 2 v., ;$c25 cm 490 1 $aMonographien zur Geschichte des Mittelalters ;$vBd. 4/I-II 500 $aPaginazione continua. 500 $aContiene indice. 504 $aBibliografia in nota. 830 0$aMonographien zur Geschichte des Mittelalters ;$vBd. 4/I-II.$0(OLS)http://pul/title/431 850 $aPUL 852 $aPUL$W1$xSL Filosofia 1$y2$m104 H 4 (1-2)$j19343$nBK-PRI$b $qStampati$B19343$CPULBib$Z2$F19343 $H $81 941 1 $a8 961 $aINV: 37280-37499 996 $6245$aDie Grundlagen der modernen Gesellschaft im Mittelalter :$beine deutsche Gesellschaftsgeschichte des Mittelalters$9(OLS)http://pul/title/19817 996 $6260$aStuttgart :$bHiersemann$9(OLS)http://pul/publisher/48047 LEADER 01492nam a2200337 a 4500 001 000000119169 003 CaOOAMICUS 005 20100113152146.0 008 100113t2005 xxkac u000 u eng r 020 $z1-87217-53-9* 040 $aPUL$bita$dReb 245 00$aBenedict XVI and Cardinal Newman /$cEdited by Peter Jennings. 260 $aOxford :$bFamily Publications,$cİ2005. 300 $a176 p. :$bill. ;$c31 cm. 504 $aBibliografia in nota. 600 04$aBenedictus PP. XVI,$d1927-2022.$0(OLS)http://pul/subject/33817 600 04$aIohannes Henricus Newman,$cs.,$d1801-1890.$0(OLS)http://pul/subject/4993 700 1 $aJennings, Peter.$0(OLS)http://pul/name/74510 850 $aPUL 852 $aPUL$W1$xSL Religione 3$y85$m230. 092 JENPE 1$j136751$qDDC 21$B135771$CPULBib$Z2$F135771 $H107612 $82 941 1 $a9 960 $aRatzinger, Joseph,$ccard.$d1927-$933817 960 $aPapi (2005-2013: Benedictus PP XVI)$933817 960 $aPapi (2005-2013: Benedictus PP XVI)$933817 960 $aBenedetto$bXVI,$cpapa,$d1927-$933817 960 $aNewman, John Henry,$ccard.,$d1801-1890$94993 960 $aIoannes Henricus Newman,$cs.,$d1801-1890$94993 960 $aJohannes Henricus Newman,$cs.,$d1801-1890$94993 996 $6020$z1-87217-53-9*$9(OLS)http://pul/number/142957 996 $6245$aBenedict XVI and Cardinal Newman$9(OLS)http://pul/title/149959 996 $6260$aOxford :$bFamily Publications$9(OLS)http://pul/publisher/81038